| 000 | 00789nam0a22002531 4500 | ||
|---|---|---|---|
| 001 | rc\124528 | ||
| 005 | 20250620191726.0 | ||
| 010 | _a5-7373-0121-4 | ||
| 035 | _a(NLR Aleph) 005380977 | ||
| 090 |
_a7100342 _c7100342 |
||
| 100 | _a20021216d1996 |||y0rusy50 ca | ||
| 101 | 0 | _arus | |
| 102 | _aRU | ||
| 105 | _aa ||||||||| | ||
| 200 | 1 |
_aСовременное православное богослужение _eПракт. рук. для клириков и мирян _fСост. И.В. Гаслов |
|
| 210 |
_aСПб. _cСатисъ _d1996 |
||
| 215 |
_a209, [1] с. _cил. _d24 |
||
| 320 | _aБиблиогр.: с. 205-206 | ||
| 702 | 1 |
_aГаслов _bИ.В. _4220 |
|
| 801 | 0 |
_aRU _bNLR _gpsbo |
|
| 801 | 1 |
_aRU _bELAR _2rusmarc |
|
| 852 |
_aNLR _j97-7/247 |
||
| 942 | _cBOOK | ||
| 980 | _aNB | ||